Comparison of nitrogen mineralization of faeces and urine of cattle fed differnt diets in sandy loam soil (​ការប្រៀបធៀបខនិជកម្មអាសូតនៃលាមកនិងទឺកនោមគោដែលបានមកពីចំណីខុសៗក្នាក្នុងលក្ខខណ្ឌដីល្បាយខ្សាច់) (Record no. 1509)

000 -LEADER
fixed length control field 00741nam a22001577a 4500
003 - CONTROL NUMBER IDENTIFIER
control field OSt
005 - DATE AND TIME OF LATEST TRANSACTION
control field 20150930110857.0
008 - FIXED-LENGTH DATA ELEMENTS--GENERAL INFORMATION
fixed length control field 150930b xxu||||| |||| 00| 0 eng d
040 ## - CATALOGING SOURCE
Transcribing agency RUA
082 ## - DEWEY DECIMAL CLASSIFICATION NUMBER
Classification number AGR KOV 2011 B047 Or.1
100 ## - MAIN ENTRY--PERSONAL NAME
9 (RLIN) 1598
Personal name KOV, RITHA.
245 ## - TITLE STATEMENT
Title Comparison of nitrogen mineralization of faeces and urine of cattle fed differnt diets in sandy loam soil (​ការប្រៀបធៀបខនិជកម្មអាសូតនៃលាមកនិងទឺកនោមគោដែលបានមកពីចំណីខុសៗក្នាក្នុងលក្ខខណ្ឌដីល្បាយខ្សាច់)
260 ## - PUBLICATION, DISTRIBUTION, ETC. (IMPRINT)
Place of publication, distribution, etc. Phnom Penh
Name of publisher, distributor, etc. RUA
Date of publication, distribution, etc. 2011
300 ## - PHYSICAL DESCRIPTION
Extent vii, 43p.
Other physical details ill.
Dimensions 29cm.
942 ## - ADDED ENTRY ELEMENTS (KOHA)
Source of classification or shelving scheme
Koha item type AGR
Holdings
Price effective from Date last seen Permanent Location Not for loan Date acquired Source of classification or shelving scheme Koha item type Lost status Withdrawn status Date last checked out Total Checkouts Shelving location Damaged status Barcode Current Location Full call number
2015-09-302015-09-30Library Block B 2015-09-30 AGR    B047 RUA000828Library Block BAGR KOV 2011 B047 Or.1
2015-09-302016-08-16Library Block B 2015-09-30 AGR  2016-07-272  RUA015314Library Block BAGR KOV 2011 B047 Or.2
មជ្ឈមណ្ឌលឯការនៃសាកលវិទ្យាល័យភូមិន្ទកសិកម្មចំការដូង

Powered by Koha